| 000 | 01445nam a2200265Ia 4500 | ||
|---|---|---|---|
| 003 | OSt | ||
| 005 | 20210506004340.0 | ||
| 008 | 210310s2007 ck a gr 000 0 spa d | ||
| 020 | _a9789584432742 | ||
| 040 |
_aCO-JMCR _cCO-JMCR |
||
| 041 | 0 | _aspa | |
| 082 | 0 | 4 |
_a334.09861 / _bC957c _223 |
| 100 | 1 |
_aCruz, Alexander, _915558 _eautor |
|
| 245 | 1 | 0 |
_aCartilla sobre asociaciones, corporaciones, fundaciones y redes de voluntariado / _cAlexander Cruz, Beatriz Vásquez de Ramírez, Constanza Gómez [y otros 9] |
| 260 |
_aBogotá : _bDanSocial, _c2007 |
||
| 300 |
_a103 páginas : _bilustraciones a blanco y negro ; _c28 cm. |
||
| 504 | _aBibliografía: páginas 97-99 | ||
| 505 | 0 | _aMarco general de las organizaciones solidarias de desarrollo -- Marco normativo de las organizaciones solidarias de desarrollo -- Normas básicas de las organizaciones solidarias de desarrollo -- Procedimiento para la conformación legal de las organizaciones solidarias de desarrollo -- Desarrollo empresarial solidario -- Gestión y financiamiento para organizaciones solidarias de desarrollo -- Integración: redes Administración del voluntariado | |
| 650 | 1 | 4 |
_aEconomía solidaria _915560 _zColombia |
| 650 | 2 | 4 |
_aOrganización de cooperación y desarrollo económico _937467 |
| 650 | 2 | 4 |
_aCooperativas _zColombia _937341 |
| 700 | 1 |
_aVásquez de Ramírez, Beatriz, _eautora _937468 |
|
| 700 | 1 |
_aGómez, Constanza, _eautora _937469 |
|
| 942 |
_2ddc _cBK |
||
| 999 |
_c7824 _d7824 |
||